| 000 | 00538nam a2200193Ia 4500 | ||
|---|---|---|---|
| 999 |
_c1108 _d1108 |
||
| 020 | _a0-86656-691-0 | ||
| 082 | _a025.52 FIN; | ||
| 245 | 0 | _aFinance, budget, and management for reference services | |
| 260 |
_aNew York _bHaworth Press _c1988 |
||
| 300 | _a376p. | ||
| 650 | _aReference services (Libraries) - Administration | ||
| 650 | _aLibrary fines | ||
| 650 | _aReference services budget | ||
| 650 | _aLibrary administration | ||
| 650 | _aLibrary finance | ||
| 700 | _aFraley, Ruth A. | ||
| 700 | _aKatz, Bill | ||
| 942 | _cBK | ||